00687cam a22002054a 45000010005000000030009000050050017000140080041000310200015000720400028000870820018001151100016001332450082001492600077002313000045003085040053003536500023004066500039004296500013004684591BD-DhUAP20201123151746.0201123r20012000wauab b 001 0 eng  a1569734437 aDLCcDLCdBD-DhUAPbeng00a333.7 WOR223 aWorld Bank.00aWorld resources 2000-2001 :bpeople and ecosystems : the fraying web of life. aWashington, D.C. :bWorld Resources Institute, cc2000 [Reprinted 2001]. aix, 389 pages :billustrations :c27 cm. aIncludes bibliographical references and indexes. 0aNatural resources. 0aNaturexEffect of human beings on. 0aEcology.